La légende du juif-errant / (Record no. 164950)

MARC details
000 -LEADER
campo de control de longitud fija 00545nam a2200157 i 4500
001 - NÚMERO DE CONTROL
campo de control 164950
003 - IDENTIFICADOR DE NÚMERO DE CONTROL
campo de control ES-MaACL
005 - FECHA Y HORA DE LA ÚLTIMA TRANSACCIÓN
campo de control 20230906213034.0
008 - DATOS DE LONGITUD FIJA--INFORMACIÓN GENERAL
campo de control de longitud fija 050810s1877 fr | |||||||| ||fre d
040 ## - FUENTE DE CATALOGACIÓN
Centro catalogador/agencia de origen CAM
Lengua de catalogación spa
Centro/agencia transcriptor CAM
100 1# - ENTRADA PRINCIPAL--NOMBRE DE PERSONA
Nombre de persona Schoebel, Charles.
9 (RLIN) 132563
245 13 - MENCIÓN DEL TÍTULO
Título La légende du juif-errant /
Mención de responsabilidad, etc. par Charles Schoebel.
260 ## - PUBLICACIÓN, DISTRIBUCIÓN, ETC.
Lugar de publicación, distribución, etc. Paris :
Nombre del editor, distribuidor, etc. Maisonneuve et cie. libraires-éditeurs,
Fecha de publicación, distribución, etc. 1877 (
Lugar de fabricación/manufactura Orléans :
Fabricante Imp. de G. Jacob)
300 ## - DESCRIPCIÓN FÍSICA
Extensión 82 p. ;
Dimensiones 22 cm.
852 ## - LOCALIZACIÓN
Ubicación ES-MaACL
Número de control de estantería T-264-F-2
Nota libre -- Enc. hol.
-- -- Enc. en un vol. facticio
Holdings
Estatus retirado Estado de pérdida Estado de daño No para préstamo Colección Biblioteca de origen Biblioteca actual Ubicación en estantería Fecha de adquisición Total de préstamos Signatura topográfica completa Código de barras Visto por última vez Precio de reemplazo Tipo de ítem Koha
        Colección de folletos Biblioteca del Ateneo de Madrid Biblioteca del Ateneo de Madrid Depósito folletos 17/01/2008   T-264-F-2 1172916 23/02/2023 23/02/2023 Folleto